Zobrazovanie funkčných závislostí v Exceli

Cieľom článku je ukázať spôsob, ako vzorec zviditeľniť. V Exceli sa zostrojí tabuľka hodnôt funkcie (tabuľka citlivosti). Jej hodnoty sa vyznačia a zvolí sa typ grafu podľa návodu v Exceli. V jednom grafe môžu byť aj kombinácie vybraných typov. Praktické príklady.

Enregistré dans:
Détails bibliographiques
Auteur principal: Dávid, Arnold
Autres auteurs: Peller, František
Format: Chapitre de livre
Langue:slovaque
Sujets:
Tags: Ajouter un tag
Pas de tags, Soyez le premier à ajouter un tag!

MARC

LEADER 00000nla$a2200000$$$4500
001 0076969
005 20240502083214.9
041 0 |a slo 
044 |a CZ 
245 1 0 |a Zobrazovanie funkčných závislostí v Exceli  |c Arnold Dávid, František Peller 
520 |a Cieľom článku je ukázať spôsob, ako vzorec zviditeľniť. V Exceli sa zostrojí tabuľka hodnôt funkcie (tabuľka citlivosti). Jej hodnoty sa vyznačia a zvolí sa typ grafu podľa návodu v Exceli. V jednom grafe môžu byť aj kombinácie vybraných typov. Praktické príklady. 
610 2 0 |a počítače 
610 2 0 |a softvér 
610 2 0 |a funkcie matematické 
100 1 |a Dávid, Arnold 
700 1 |a Peller, František